000 00883cam a22002771 4500
999 _c21428
_d21428
001 9761826
003 BDDh-ASL
005 20231015030007.0
008 741115s19681949nyuabc b 000 0 eng
010 _a 49005043
015 _aGB50-108
035 _a(OCoLC)1077148
040 _aDLC
_cPBm
_dOCoLC
_dUk
_dDLC
_dBDDh-ASL
050 0 0 _aDS318
_b.L46
082 _a327.47
_bLER
100 1 _aLenczowski, George.
245 1 0 _aRussia and the West in Iran, 1918-1948:
_ba study in big-power rivalry /
260 _aNew York:
_bGreenwood Press,
_c1968.
300 _axv, 383 p.
_billus., ports., maps (1 fold.)
_c24 cm.
504 _aBibliographical footnotes.
651 0 _aIran
_xHistory
_yPahlavi dynasty, 1925-1979.
651 0 _aIran
_xHistory
_y20th century.
651 0 _aIran
_xForeign relations.
906 _a7
_bcbc
_coclcrpl
_du
_encip
_f19
_gy-gencatlg
942 _2ddc
_cBK